Normal view
MARC view
Entry Personal Name
001 - CONTROL NUMBER
- control field: 7598
003 - CONTROL NUMBER IDENTIFIER
- control field: BD-RjUL
005 - DATE AND TIME OF LATEST TRANSACTION
- control field: 20230522111427.0
008 - FIXED-LENGTH DATA ELEMENTS
- fixed length control field: 230522|| aca||aabn | a|a d
040 ## - CATALOGING SOURCE
- Original cataloging agency: BD-RjUL
- Transcribing agency: BD-RjUL
100 ## - HEADING--PERSONAL NAME
- Personal name: Mohsin, A.B.M. Supervisor
670 ## - SOURCE DATA FOUND
- Source citation: Work cat.: (BD-RjUL)81429: Galib, Shams Muhammad 7596, Captive Breeding of Trichogaster lalius (Hamilton, 1822) and Trichogaster fasciata Bloch and Schneider, 1801, 2015